| 000 | 00788cam a22002533a 4500 | ||
|---|---|---|---|
| 001 | 28670 | ||
| 003 | PGUSA | ||
| 005 | 20140828083622.0 | ||
| 008 | 090503s2009||||xxu|||||s|||||000 | eng d | ||
| 040 |
_aPGUSA _beng |
||
| 042 | _adc | ||
| 050 | 4 | _aF786 | |
| 100 | 1 |
_aWoon, Basil, _d1893-1974 |
|
| 245 | 1 | 0 |
_aArizona's Yesterday : _bBeing the Narrative of John H. Cady, Pioneer _h[electronic resource] / _cBasil Woon |
| 260 |
_bProject Gutenberg, _c2009 |
||
| 506 | _aPublic domain in the USA. | ||
| 516 | _aElectronic text | ||
| 653 | _aPioneers -- Arizona -- Biography | ||
| 653 | _aCady, John H. (John Henry), 1846-1927 | ||
| 653 | _aFrontier and pioneer life -- Arizona | ||
| 830 | 0 |
_aProject Gutenberg _v28670 |
|
| 856 | 4 | 0 | _uhttp://www.gutenberg.org/ebooks/28670 |
| 942 | _cEB | ||
| 999 |
_c257925 _d257925 |
||